| 000 | 00902cam a2200253 4500 | ||
|---|---|---|---|
| 008 | 090401t1998 xxu||||| |||| 00| 0 eng d | ||
| 020 | _a0419207805 | ||
| 035 | _a(Sirsi) u87338 | ||
| 041 | _aeng | ||
| 050 | _a693.82 | ||
| 100 | _aRamachandran, G. | ||
| 245 | 4 | _aThe economics of fire protection. | |
| 260 |
_aLondon _bE & F N Spon _c1998 |
||
| 300 | _axvi,230p. ; 24cm. | ||
| 350 | _a60 | ||
| 520 | _aDiscusses the economic problems faced by decision-makers in the areas of fire safety and fire precautions. Considers the theoretical aspects of cost-benefit analysis and other relevant economic problems with practical applications to fire protection systems. | ||
| 650 | _aCOST BENEFIT ANALYSIS | ||
| 650 | _aCOSTS | ||
| 650 | _aFIRE PROTECTION | ||
| 650 | _aMANAGEMENT-HEALTH AND SAFETY-FIRE SAFETY | ||
| 650 |
_aInsurance _96249 |
||
| 690 |
_aHealth and safety _96244 |
||
| 942 | _n0 | ||
| 999 |
_c97216 _d97216 |
||